| 000 | 00584nam a2200193Ia 4500 | ||
|---|---|---|---|
| 005 | 20250923144729.0 | ||
| 008 | 008 250917s9999 xx 000 0 eng d | ||
| 037 | _aTextual | ||
| 040 |
_aDSWL _beng _cDSWL |
||
| 041 |
_aeng _2eng |
||
| 084 |
_aY73(Q8451):1, M84;2 _qDSWL |
||
| 100 |
_aKaraka, Dosabhai Framji _9827825 |
||
| 245 | 0 |
_aHistory of the Paris, Vol. II _cby Dosabhai Framji Karaka |
|
| 260 |
_aLondon _bMacMillan & Co. _c1884 |
||
| 300 | _aviii,350p. | ||
| 365 | _aINR | ||
| 942 |
_cTEXL _hY73(Q8451):1, M84;2 |
||
| 999 |
_c1442614 _d1442614 |
||